Statistiques concernant Les singles d'Usher classés dans le Top 10 en France

Cliquez ici pour prendre le quiz!

Statistiques générales

  • Ce quiz a été pris 12 fois
  • Le résultat moyen est 2 sur 6

Statistiques - réponses

Position dans les chartsAnnéeTitre% Correct
12003Yeah!
83%
32010DJ Got Us Fallin' in Love
50%
62011Without You
33%
32001U Remind Me
25%
92008Love in This Club
17%
92002I Need a Girl (Part One)
0%

Distribution des résultats

Percentile par nombre de réponses

% des personnes avec chaque résultat

Votre développement - résultats

Vous n’avez pas pris ce quiz